Languages Of the World #2 South America - Statistics

General Stats
  • This quiz has been taken 42 times
  • The average score is 21 of 42
Answer Stats
Country Language % Correct
Chile Spanish
100%
Argentina Spanish
100%
Uruguay Spanish
100%
Spanish
100%
Bolivia Spanish
100%
Peru Spanish
100%
Ecuador Spanish
100%
Colombia Spanish
100%
Venezuela Spanish
100%
Spanish
100%
Brazil Portuguese
97%
Guyana English
94%
Trinidad and Tobago English
94%
South Georgia and the Sandwich Islands English
94%
Suriname Dutch
89%
French Guyana French
86%
Quechua
83%
Quechua
83%
Quechua
83%
Paraguay Guaraní
66%
Guaraní
66%
Aymara
49%
Aymara
49%
Trinidadian-Creole
14%
Falkland Islands British-English
11%
Chinese
9%
Guyanese-Creole
9%
Bolivian
6%
Argentinan
3%
Asháninka
3%
Baure
3%
Colombian-Spanish
3%
Mòoré
3%
Peruvian-Spanish
3%
Puquina
3%
Talian
3%
Uru
3%
Venezuelan Sign Language
3%
Weenhayek
3%
Callahuaya
0%
Chanka-Quechua
0%
Moxos
0%
No matching quizzes found
Score Distribution
Percent of People with Each Score
Percentile by Number Answered
Your Score History
You have not taken this quiz